Curso de administración moderna: un análisis de sistemas y contingencias de las funciones administrativas
Shranjeno v:
| Main Authors: | , |
|---|---|
| Format: | Knjiga |
| Jezik: | španščina |
| Izdano: |
Bogotá
McGraw Hill Latinoamericana
1981
|
| Teme: | |
| Oznake: |
Označite
Brez oznak, prvi označite!
|
MARC
| LEADER | 00000nam a2200000 a 4500 | ||
|---|---|---|---|
| 001 | UCY3630 | ||
| 003 | CL-VaPUC | ||
| 008 | 950110e19810000CK |||||||||||||||||spa|d | ||
| 082 | 0 | 4 | |a 658 |b KOO |2 21 |
| 100 | |a Koontz, Harold |e author |9 222211 | ||
| 700 | 0 | |a O'Donnell, Cyril |e author |9 331987 | |
| 245 | 1 | 0 | |a Curso de administración moderna: un análisis de sistemas y contingencias de las funciones administrativas |
| 300 | |a 914 p | ||
| 942 | |c BK | ||
| 945 | |d 19950110 00:00:00 |a mfernand | ||
| 260 | |a Bogotá |b McGraw Hill Latinoamericana |c 1981 | ||
| 650 | 0 | |a Administración |9 259325 | |
| 650 | 0 | |a Administración de empresas |9 260833 | |
| 583 | |a last modification |c 19950110 00:00:00 |k Rodrigo Vera | ||
| 999 | |c 231713 |d 231711 | ||